V křížové palbě
EÚ vypovedala vojnu reklame. Zákaz akejkoľvek reklamy na tabakové výrobky má začať platiť v EÚ od roku 2005. Nové trendy v reklame.
Gespeichert in:
| 1. Verfasser: | |
|---|---|
| Format: | Buchkapitel |
| Sprache: | Tschechisch |
| Schlagworte: | |
| Tags: |
Keine Tags, Fügen Sie das erste Tag hinzu!
|
MARC
| LEADER | 00000naa$a2200000$$$4500 | ||
|---|---|---|---|
| 001 | 0002461 | ||
| 005 | 20231004071316.5 | ||
| 041 | 0 | |a cze | |
| 044 | |a CZ | ||
| 245 | 1 | 0 | |a V křížové palbě |c aut. Harald Schumacher |
| 520 | |a EÚ vypovedala vojnu reklame. Zákaz akejkoľvek reklamy na tabakové výrobky má začať platiť v EÚ od roku 2005. Nové trendy v reklame. | ||
| 610 | 2 | 0 | |a tabak |
| 610 | 2 | 0 | |a reklama |
| 610 | 2 | 0 | |a Európska únia |
| 100 | 1 | |a Schumacher, Harald | |